000 00461cam a2200181ua 4500
020 _c1.50
041 _amal
_h
082 _a894.8121
_bKUT/SR
100 _aKuttikrishnakurup, T M .
245 _aSreemat Bhagavat Gita /
_cT M Kuttikrishna kurup.
_hTextual Documents
250 _a1 /
_b.
260 _aCheruthuruthy :
_bVallathol Granthalayam ,
_c1953.
300 _a191 ; .
365 _a1.50
504 _a
942 _cBK
999 _c6698
_d6698